Emperyalizm tuzaklarındaki ülke (Record no. 6396)

MARC details
000 -BAŞLIK
Sabit Uzunlukta Kontrol Alanı 00739na a2200253 4500
001 - KONTROL NUMARASI
Denetim Alanı 19402
003 - KONTROL NUMARASI IDENTIFIER
Denetim Alanı MIRAKIL
005 - SON İŞLEM TARİHİ VE ZAMANI
Denetim Alanı 20181213155106.0
008 - SABİT-BOY VERİ ELEMANLARI - GENEL BİLGİLER
Sabit Uzunlukta Kontrol Alanı 161214b tu 000 0
020 ## - ULUSLARARASI STANDART KİTAP NUMARASI
Uluslararası Standart Kitap Numarası 9786056043543
040 ## - KATALOGLAMA KAYNAK
Orijinal Kataloglama Ajansı Milas
Kataloglama Dili tur
Metne Dönüştürmek Ajansı TR-AnCHP
041 ## - DİL KODU
Metin / Ses Parça Veya Ayrı Başlığın Dil Kodu tur
082 ## - DEWEY ONLU SINIFLANDIRMA NUMARASI
Sınıflandırma Numarası 325.31
Ürün Numarası D33e 2010
090 ## - SINIFLAMA NUMARASI
Sınıflama Numarası 325.31 D33e 2010
100 ## - ANA GİRİŞ - KİŞİSEL İSİM
Kişisel Ad Değer, M. Emin
245 ## - BAŞLIK TABLOSU
Başlık Emperyalizm tuzaklarındaki ülke
Başlığın Kalan Oltadaki balık Türkiye
Sorumluluk Tablosu, Vb M. Emin Değer
246 ## - UNVAN FORM VARYING
Başlık Doğru / Kısa Başlığı Oltadaki balık Türkiye
250 ## - EDITION TABLOSU
Baskı Beyanı gözd. gçrl. ve gnşl. 11. bs.
260 ## - YAYIN, DAĞITIM, VB
Yayın, Dağıtım, Vb Yeri Ankara
Yayıncı, Dağıtıcı, Vs Adı Kilit Yayınları
Yayın, Dağıtım, Vb Tarihi 2010
300 ## - FİZİKSEL TANIM
Kapsam 536 s.
Boyutlar 22 sm.
650 ## - KONU KATMA GİRİŞ - TOPİKAL DÖNEM
Topikal Süreli Veya Coğrafi Ad Giriş Elemanı Sömürge devletler
Genel Alt Bölümü ABD
Coğrafi Alt Bölümü Türkiye
650 ## - KONU KATMA GİRİŞ - TOPİKAL DÖNEM
Topikal Süreli Veya Coğrafi Ad Giriş Elemanı Emperyalizm
Genel Alt Bölümü Sömürgecilik
942 ## - EKLENDİ GİRİŞ ELEMANLARI (KOHA)
Sınıflandırma Veya Raf Düzeni Kaynak Dewey Decimal Classification
Koha Öğesi Türü Books
999 ## - SİSTEM KONTROL NUMARALARI (KOHA)
Koha Biblionumber 6396
Koha Biblioitemnumber 6396
Holdings
Kalıcı Konum Mevcut Konum Edinme Tarihi Edinim Kaynak Toplam Check-Out'Lar Tam Çağrı Numarası Barkod Kontrol Edildi Tarih Son Görülme Tarihi Geçen Teslim İtibaren Geçerli Fiyatlar Koha Öğesi Türü Sigara Kamu Notu
CHP Kütüphanesi CHP Kütüphanesi 12/14/2016 Bağış 1 325.31 D33e 2010 011566 10/28/2021 10/07/2021 10/07/2021 12/14/2016 Books  
Parti Okulu Kütüphanesi Parti Okulu Kütüphanesi 12/09/2021     325.31 D33e 2010 P00922   12/09/2021   12/09/2021 Books Emin Değer Bağışıdır.